[Event "Chess.com SIG Bullet KO"]
[Site "chess.com INT"]
[Date "2021.04.06"]
[Round "1.6"]
[White "Artemiev, Vladislav"]
[Black "Firouzja, Alireza"]
[Result "0-1"]
[WhiteTitle "GM"]
[BlackTitle "GM"]
[WhiteElo "2709"]
[BlackElo "2759"]
[WhiteFideId "24101605"]
[BlackFideId "12573981"]
[EventDate "2021.04.06"]

1. d4 Nf6 2. Bg5 g6 3. Nd2 Bg7 4. Ngf3 d6 5. e3 O-O 6. Bc4 Nbd7 7. O-O h6 8. Bh4
Re8 9. c3 c6 10. e4 e5 11. Re1 Qc7 12. a4 Nh5 13. a5 Ndf6 14. Bd3 Nf4 15. Bc2
Be6 16. Nf1 Rad8 17. Qc1 g5 18. Bg3 N6h5 19. Ne3 Qc8 20. b4 Nf6 21. dxe5 dxe5
22. Nxe5 N6h5 23. Nf3 Bxc3 24. h4 g4 25. Nh2 Qd7 26. Rd1 Qc8 27. Rxd8 Rxd8 28.
Bd1 Bxa1 29. Qxa1 Qd7 30. Bxg4 Nxg3 31. fxg3 Qd3 32. Nhf1 Ne2+ 33. Kh2 Nd4 34.
Bxe6 fxe6 35. Ng4 Qe2 36. Kh3 h5 37. Nf6+ Kf7 38. e5 Qxe5 0-1

[Event "Chess.com SIG Bullet KO"]
[Site "chess.com INT"]
[Date "2021.04.06"]
[Round "1.7"]
[White "Firouzja, Alireza"]
[Black "Artemiev, Vladislav"]
[Result "0-1"]
[WhiteTitle "GM"]
[BlackTitle "GM"]
[WhiteElo "2759"]
[BlackElo "2709"]
[WhiteFideId "12573981"]
[BlackFideId "24101605"]
[EventDate "2021.04.06"]

1. e4 c5 2. Nc3 e6 3. Nf3 Nc6 4. g3 d5 5. Bg2 dxe4 6. Nxe4 Be7 7. O-O Nf6 8.
Nxf6+ Bxf6 9. d3 O-O 10. Nd2 Bd7 11. Ne4 Be7 12. Re1 Rc8 13. h4 h6 14. c3 Nb8
15. Qh5 f5 16. Nd2 Bc6 17. Rxe6 Bxg2 18. Kxg2 Qd5+ 19. Re4 Rcd8 0-1

[Event "Chess.com SIG Bullet KO"]
[Site "chess.com INT"]
[Date "2021.04.06"]
[Round "1.8"]
[White "Artemiev, Vladislav"]
[Black "Firouzja, Alireza"]
[Result "0-1"]
[WhiteTitle "GM"]
[BlackTitle "GM"]
[WhiteElo "2709"]
[BlackElo "2759"]
[WhiteFideId "24101605"]
[BlackFideId "12573981"]
[EventDate "2021.04.06"]

1. b3 Nf6 2. Bb2 g6 3. g3 Bg7 4. Bg2 O-O 5. Nf3 d6 6. d4 Nbd7 7. O-O Re8 8. d5
e6 9. dxe6 Rxe6 10. c4 Nc5 11. Nc3 Nfe4 12. Rc1 Re8 13. b4 Nxc3 14. Bxc3 Bxc3
15. Rxc3 Ne4 16. Re3 c6 17. Qd4 d5 18. cxd5 cxd5 19. Rd1 Be6 20. Ne5 Nd6 21. Qf4
Nf5 22. Red3 Qc7 23. Bxd5 Bxd5 24. Rxd5 Re7 25. e4 Ng7 26. Ng4 Qxf4 27. gxf4 Nh5
28. Rd7 Rxe4 29. Nh6+ Kg7 30. Nxf7 Rxf4 31. Ng5+ Kh6 32. R1d5 Nf6 33. Nf7+ Kg7
34. Ne5+ Nxd7 35. Rxd7+ Kf6 36. Nd3 Re4 37. Rxb7 Re7 38. Rb5 Rd8 39. Nf4 Rd1+
40. Kg2 Kf7 41. Ra5 Red7 42. Ne2 R1d3 43. Ng3 R3d4 44. b5 Kg7 45. a4 Rf7 46. Ra6
Rdf4 47. Nh1 h5 48. h3 h4 49. a5 Rb4 50. b6 axb6 51. axb6 Rb7 52. Ra7 Rxb6 53.
Rxb7+ Rxb7 54. f3 Kf6 55. Nf2 Kf5 56. Nd3 Rd7 57. Nf2 Rd2 58. Kf1 Kf4 59. Ke1
Ra2 60. Ne4 Ke3 61. Kd1 Ra1+ 62. Kc2 Rf1 63. Ng5 Rxf3 64. Nxf3 Kxf3 65. Kd3 Kg3
66. Ke3 Kxh3 67. Kf3 g5 68. Kf2 Kg4 69. Kg1 Kh5 70. Kh2 g4 71. Kg2 Kg5 72. Kg1
h3 73. Kh1 Kh5 74. Kg1 Kh4 75. Kh1 g3 76. Kg1 Kg4 77. Kh1 Kf4 78. Kg1 Ke3 79.
Kh1 Kd2 80. Kg1 Kd3 81. Kh1 Ke4 82. Kg1 h2+ 83. Kh1 Kf4 0-1

[Event "Chess.com SIG Bullet KO"]
[Site "chess.com INT"]
[Date "2021.04.06"]
[Round "1.9"]
[White "Firouzja, Alireza"]
[Black "Artemiev, Vladislav"]
[Result "0-1"]
[WhiteTitle "GM"]
[BlackTitle "GM"]
[WhiteElo "2759"]
[BlackElo "2709"]
[WhiteFideId "12573981"]
[BlackFideId "24101605"]
[EventDate "2021.04.06"]

1. e4 g6 2. d4 Bg7 3. Nc3 c6 4. f4 d5 5. e5 h5 6. Nf3 Bg4 7. Be3 Nh6 8. Bd3 e6
9. h3 Bxf3 10. Qxf3 Nf5 11. Bf2 h4 12. O-O-O Nd7 13. Kb1 Bf8 14. Ne2 Be7 15. c3
Qc7 16. Ng1 c5 17. Qe2 c4 18. Bxf5 gxf5 19. Nf3 b5 20. Qe1 Qd8 21. g4 hxg3 22.
Bxg3 b4 23. h4 Rb8 24. Ka1 Qa5 25. cxb4 Bxb4 26. Qe2 Nb6 27. Be1 Na4 28. Bxb4
Qxb4 29. Rb1 c3 30. b3 Nb2 31. Rhc1 a5 32. Qc2 Rc8 33. Ne1 Rxh4 34. Nd3 Nxd3 35.
Qxd3 Rxf4 36. Rc2 Qxd4 37. Qg3 Rg4 38. Qh3 Rg1 39. Rbc1 Rxc1+ 0-1

[Event "Chess.com SIG Bullet KO"]
[Site "chess.com INT"]
[Date "2021.04.06"]
[Round "1.10"]
[White "Artemiev, Vladislav"]
[Black "Firouzja, Alireza"]
[Result "0-1"]
[WhiteTitle "GM"]
[BlackTitle "GM"]
[WhiteElo "2709"]
[BlackElo "2759"]
[WhiteFideId "24101605"]
[BlackFideId "12573981"]
[EventDate "2021.04.06"]

1. Nf3 Nf6 2. b3 g6 3. Bb2 Bg7 4. g3 O-O 5. Bg2 d6 6. d4 Nbd7 7. O-O c6 8. Nbd2
Qc7 9. e4 e5 10. dxe5 dxe5 11. Re1 b5 12. a4 Re8 13. axb5 cxb5 14. Bf1 Rb8 15.
c4 b4 16. c5 Qxc5 17. Nc4 Bb7 18. Ra5 Qc7 19. Rxa7 Ra8 20. Rxa8 Bxa8 21. Nd6 Re6
22. Nxf7 Kxf7 23. Ng5+ Ke7 24. Nxe6 Kxe6 25. Bc4+ Ke7 26. Qd2 Qc5 27. Qd3 Bc6
28. Bc1 Ng4 29. Re2 Bh6 30. Bxh6 Nxh6 31. Kg2 Ng4 32. f3 Ngf6 33. Qd2 Bb5 34.
Bxb5 Qxb5 35. Qe3 Nc5 36. Rc2 Ne6 37. Qa7+ Nd7 38. Qa8 Qd3 39. Rf2 Qxb3 40. Qh8
Nf6 41. Rd2 Qc3 42. Ra2 b3 43. Ra7+ Nc7 44. Qb8 Ne8 45. Qb6 b2 46. Rb7 Qc2+ 47.
Kh3 b1=Q 48. Qxb1 Qxb1 49. Rxb1 Nd6 50. Rc1 Ne6 51. Kg2 Nd4 52. Kf2 Ke6 53. Ra1
h5 54. Ra7 g5 55. Rg7 g4 56. Rh7 gxf3 57. Rh6+ Kd7 58. Rxh5 Nxe4+ 59. Ke3 Nf6
60. Rxe5 Ng4+ 61. Kxd4 Nxe5 62. Ke3 Ke6 63. h3 Kf5 64. g4+ Kg5 65. Kf2 Kh4 66.
Ke3 Kxh3 67. g5 Kg3 68. g6 Nxg6 69. Ke4 f2 0-1

[Event "Chess.com SIG Bullet KO"]
[Site "chess.com INT"]
[Date "2021.04.06"]
[Round "1.11"]
[White "Firouzja, Alireza"]
[Black "Artemiev, Vladislav"]
[Result "0-1"]
[WhiteTitle "GM"]
[BlackTitle "GM"]
[WhiteElo "2759"]
[BlackElo "2709"]
[WhiteFideId "12573981"]
[BlackFideId "24101605"]
[EventDate "2021.04.06"]

1. e4 g6 2. d4 Bg7 3. Nf3 c6 4. Nc3 d5 5. Bd3 Bg4 6. e5 e6 7. h3 Bxf3 8. Qxf3
Nd7 9. O-O Ne7 10. Re1 c5 11. Nb5 O-O 12. c3 Nc6 13. Be3 cxd4 14. cxd4 Qb6 15.
Qg4 Nb4 16. Qe2 Nc6 17. Qd2 a6 18. Nc3 Rac8 19. Bf1 Qa5 20. Rad1 Nb6 21. Bh6 Ne7
22. Bxg7 Kxg7 23. Qf4 Ng8 24. h4 Qb4 25. Re2 Nc4 26. a3 Qe7 27. Rd3 f5 28. exf6+
Qxf6 29. Qg3 Ne7 30. Qg4 Nf5 31. g3 h5 32. Qf4 Rf7 33. Bh3 Rcf8 34. Bxf5 Qxf5
35. Qxf5 Rxf5 36. f4 R5f6 37. Kg2 Nd6 38. Na4 Rc8 39. Nc5 Kf7 40. Rb3 Rc7 41.
Rb6 Nc4 42. Rbxe6 Rxe6 43. Nxe6 Re7 44. Ng5+ Kf6 45. Rf2 Kf5 46. Nf3 Re3 47. Ne5
Nd6 48. Rc2 Ne4 49. Nf3 Kg4 50. Nh2+ Kf5 51. Nf1 Rd3 52. Re2 Rb3 53. Ne3+ Ke6
54. Nd1 Rxg3+ 55. Kf1 Rg4 56. Ke1 Rxf4 57. Ne3 Rxh4 58. Ng2 Rh1# 0-1

[Event "Chess.com SIG Bullet KO"]
[Site "chess.com INT"]
[Date "2021.04.06"]
[Round "1.12"]
[White "Artemiev, Vladislav"]
[Black "Firouzja, Alireza"]
[Result "0-1"]
[WhiteTitle "GM"]
[BlackTitle "GM"]
[WhiteElo "2709"]
[BlackElo "2759"]
[WhiteFideId "24101605"]
[BlackFideId "12573981"]
[EventDate "2021.04.06"]

1. b3 e5 2. Bb2 Nc6 3. Nf3 e4 4. Nd4 Nf6 5. e3 d5 6. Bb5 Bd7 7. O-O Bd6 8. f4
exf3 9. Nxf3 O-O 10. Nc3 Re8 11. Bxc6 bxc6 12. Ne2 Ne4 13. Qe1 Re6 14. d3 Ng5
15. Qf2 Nxf3+ 16. Qxf3 Qe7 17. e4 dxe4 18. dxe4 Rxe4 19. Ng3 Re3 20. Qf2 Bc5 21.
Kh1 Rxb3 22. Qxf7+ Qxf7 23. Rxf7 Kxf7 24. axb3 Be7 25. Rf1+ Kg8 26. Rd1 Bg4 27.
Re1 Bd6 28. Ne4 Bf8 29. h3 Bf5 30. Bd4 a5 31. Kg1 a4 32. bxa4 Rxa4 33. Ng3 Bxc2
34. Bf2 Bg6 35. Rc1 Ra6 36. Re1 h6 37. Rd1 Bd6 38. Re1 c5 39. Ne4 Bxe4 40. Rxe4
Ra1+ 41. Be1 c4 42. Kf2 Rc1 43. Bd2 Rc2 44. Ke1 c3 45. Be3 Rxg2 0-1

[Event "Chess.com SIG Bullet KO"]
[Site "chess.com INT"]
[Date "2021.04.06"]
[Round "1.13"]
[White "Firouzja, Alireza"]
[Black "Artemiev, Vladislav"]
[Result "0-1"]
[WhiteTitle "GM"]
[BlackTitle "GM"]
[WhiteElo "2759"]
[BlackElo "2709"]
[WhiteFideId "12573981"]
[BlackFideId "24101605"]
[EventDate "2021.04.06"]

1. d4 g6 2. Nf3 Bg7 3. g3 c5 4. d5 b5 5. Bg2 d6 6. O-O Nf6 7. a4 b4 8. c4 O-O 9.
Ra2 e6 10. dxe6 Bxe6 11. Ng5 d5 12. b3 Na6 13. Nxe6 fxe6 14. Rd2 d4 15. Rd3 e5
16. Bg5 Rb8 17. Nd2 Qd7 18. Bxf6 Bxf6 19. Ne4 Be7 20. e3 Nc7 21. Qe2 Kg7 22. h4
Rbe8 23. Re1 h5 24. Kh2 Rf7 25. Bh3 Qc6 26. Bg2 Qd7 27. f4 exf4 28. exf4 Bf8 29.
Qf2 Qf5 30. Bh3 Qxe4 31. Rxe4 Rxe4 32. Bg2 Re8 33. Qf3 Bd6 34. Qc6 Rf6 35. Rd2
Re7 36. Qb7 Rxf4 37. Qc6 Rxh4+ 38. Kg1 Bxg3 39. Qxc5 Bh2+ 40. Kf1 Bg3 41. Bf3
Rf7 42. Ke2 Rh2+ 43. Kd1 Rxf3 44. Qxd4+ Rf6 45. Rxh2 Bxh2 46. c5 Kh6 47. Qc4 Rf2
48. Qc1+ Rf4 49. Qc4 Rxc4 50. bxc4 b3 51. Kd2 g5 52. Kc3 g4 53. Kxb3 g3 54. Kc3
g2 55. Kd4 g1=Q+ 56. Ke4 Qd1 57. Kf5 Qxa4 58. Kf6 Qxc4 59. Kf5 Qxc5+ 60. Kf6 Qd5
61. Ke7 Qe6+ 62. Kd8 Qe8# 0-1

[Event "Chess.com SIG Bullet KO"]
[Site "chess.com INT"]
[Date "2021.04.06"]
[Round "1.14"]
[White "Artemiev, Vladislav"]
[Black "Firouzja, Alireza"]
[Result "1-0"]
[WhiteTitle "GM"]
[BlackTitle "GM"]
[WhiteElo "2709"]
[BlackElo "2759"]
[WhiteFideId "24101605"]
[BlackFideId "12573981"]
[EventDate "2021.04.06"]

1. Nf3 d5 2. e3 Nf6 3. c4 e6 4. Nc3 Be7 5. b3 O-O 6. Bb2 b6 7. cxd5 Nxd5 8. Nxd5
exd5 9. Rc1 c5 10. d4 Nc6 11. Bb5 Bb7 12. O-O h6 13. dxc5 bxc5 14. Bxc6 Bxc6 15.
Qc2 Rc8 16. Rfd1 Bb7 17. Qc3 Bf6 18. Qd2 Be7 19. Qc3 f6 20. Qd3 Qb6 21. Nh4 Rfe8
22. Qg6 Bf8 23. Nf5 Kh8 24. Nxh6 Re7 25. Nf7+ Kg8 26. Nh6+ Kh8 27. Nf5 Rd7 28.
h4 Qe6 29. h5 Qe8 30. Qxe8 Rxe8 31. Ba3 Rc8 32. Rd2 Kg8 33. Rdc2 Rdc7 34. f3 Kf7
35. Kf2 Ke6 36. g4 Ba6 37. Kg3 Bd3 38. Rd2 Bb5 39. Rdc2 Bd3 40. Rd2 Bb5 41. Rcd1
Bc6 42. f4 a5 43. Nh4 a4 44. bxa4 Ra8 45. Ng6 Bd6 46. Rc1 Rxa4 47. Bxc5 Bb5 48.
Rdc2 Bd3 49. Rc3 Bxc5 50. Rxc5 Rxc5 51. Rxc5 Rxa2 52. Rc7 Be4 53. Re7+ Kd6 54.
Rxg7 Rg2+ 55. Kh3 Rg1 56. f5 Rh1+ 57. Kg3 Rg1+ 58. Kh3 Rh1+ 59. Kg3 Rg1+ 60. Kf2
Rg2+ 61. Kf1 Rxg4 62. h6 Bd3+ 63. Kf2 Rg5 64. h7 Rxf5+ 65. Ke1 Rh5 66. h8=Q Rxh8
67. Nxh8 Be4 68. Nf7+ Ke6 69. Nh6 Ke5 70. Rf7 d4 71. Re7+ Kd6 72. Rxe4 dxe3 73.
Rd4+ Ke5 74. Rd3 f5 75. Ke2 Ke4 76. Nxf5 Kf4 77. Rxe3 Kxf5 78. Rf3+ Kg6 79. Ke3
Kh5 80. Rf4 Kg5 81. Ke4 1-0

[Event "Chess.com SIG Bullet KO"]
[Site "chess.com INT"]
[Date "2021.04.06"]
[Round "1.15"]
[White "Firouzja, Alireza"]
[Black "Artemiev, Vladislav"]
[Result "1-0"]
[WhiteTitle "GM"]
[BlackTitle "GM"]
[WhiteElo "2759"]
[BlackElo "2709"]
[WhiteFideId "12573981"]
[BlackFideId "24101605"]
[EventDate "2021.04.06"]

1. d4 g6 2. Nf3 Bg7 3. e3 c5 4. b3 cxd4 5. exd4 d5 6. Bb2 Nc6 7. Nbd2 Bg4 8. h3
Bxf3 9. Nxf3 Qa5+ 10. c3 Nf6 11. Be2 Ne4 12. b4 Qc7 13. O-O O-O 14. Re1 e6 15.
Bd3 Nd6 16. a3 Rfc8 17. Qe2 a5 18. Rac1 axb4 19. cxb4 Qb6 20. Rc5 Ne7 21. Rec1
Qd8 22. g4 b6 23. R5c2 Rxc2 24. Rxc2 Rc8 25. Ne5 Rxc2 26. Qxc2 b5 27. Qc5 Nc4
28. Bc1 Nxe5 29. dxe5 Bxe5 30. Bg5 Bd6 31. Qxb5 Kg7 32. Qa6 h6 33. Be3 Qc7 34.
Bd4+ e5 35. Be3 e4 36. Bf1 Bf4 37. Qb6 Qxb6 38. Bxb6 Be5 39. a4 d4 40. a5 Nd5
41. Bc5 d3 42. a6 d2 43. Be2 Nc3 44. Kf1 Bb8 45. Bd4+ 1-0

[Event "Chess.com SIG Bullet KO"]
[Site "chess.com INT"]
[Date "2021.04.06"]
[Round "1.16"]
[White "Artemiev, Vladislav"]
[Black "Firouzja, Alireza"]
[Result "0-1"]
[WhiteTitle "GM"]
[BlackTitle "GM"]
[WhiteElo "2709"]
[BlackElo "2759"]
[WhiteFideId "24101605"]
[BlackFideId "12573981"]
[EventDate "2021.04.06"]

1. b3 Nf6 2. Bb2 g6 3. g3 Bg7 4. Bg2 O-O 5. Nf3 d6 6. d4 Nbd7 7. O-O Re8 8. d5
Nc5 9. c4 e5 10. dxe6 Bxe6 11. Nc3 a5 12. Nd4 Bd7 13. Qc2 Qc8 14. Ndb5 Bc6 15.
Rad1 Bxg2 16. Kxg2 Nfd7 17. Nd5 Ne6 18. Bxg7 Kxg7 19. Qb2+ f6 20. f4 Qd8 21. f5
gxf5 22. Rxf5 c6 23. Nxd6 cxd5 24. Rfxd5 Nef8 25. Nxe8+ Qxe8 26. Qd2 Qe4+ 27.
Kg1 Ne5 28. Rf1 Re8 29. Rxa5 Ne6 30. Rd5 Ng5 31. h4 Ngf7 32. Qf4 Qg6 33. Kg2 h5
34. Qf5 Ng4 35. Qxg6+ Kxg6 36. Rfd1 Ne3+ 37. Kf2 Nxd1+ 38. Rxd1 Ne5 39. Rd5 Ra8
40. a4 Ng4+ 41. Kf3 Re8 42. e4 Ne5+ 43. Ke3 Ng4+ 44. Kf4 Ne5 45. Rb5 Re7 46. Ke3
Ng4+ 47. Kf4 Ne5 48. Ke3 Rc7 49. Kd4 Nf7 50. Re5 fxe5+ 0-1

[Event "Chess.com SIG Bullet KO"]
[Site "chess.com INT"]
[Date "2021.04.06"]
[Round "1.17"]
[White "Firouzja, Alireza"]
[Black "Artemiev, Vladislav"]
[Result "1-0"]
[WhiteTitle "GM"]
[BlackTitle "GM"]
[WhiteElo "2759"]
[BlackElo "2709"]
[WhiteFideId "12573981"]
[BlackFideId "24101605"]
[EventDate "2021.04.06"]

1. d4 g6 2. c4 Bg7 3. Nc3 d6 4. e4 Nc6 5. Nge2 e5 6. d5 Nce7 7. h4 f5 8. h5 f4
9. b4 a5 10. Ba3 axb4 11. Bxb4 b6 12. Nc1 Nh6 13. Nb3 g5 14. Qc2 c5 15. dxc6
Nxc6 16. Nd5 Nxb4 17. Nxb4 O-O 18. Rd1 Be6 19. Qd2 Nf7 20. Be2 g4 21. f3 Qg5 22.
Qd3 Rac8 23. Nd5 Bxd5 24. Qxd5 Kh8 25. fxg4 Nh6 26. Qe6 Rce8 27. Qd7 Rd8 28. Qe6
Rfe8 29. Qd5 Nxg4 30. Bxg4 Qxg4 31. Rd2 Qg3+ 32. Kd1 Rc8 33. Rh3 Qg4+ 34. Kc2
Qe6 35. Rc3 Qg4 36. Rh3 Bf8 37. h6 Re7 38. Rc3 Rec7 39. Nc1 Qg6 40. Rdd3 Bxh6
41. Ne2 Qxg2 42. Rd2 f3 43. Nf4 Qg5 44. Ne6 Qxd2+ 45. Qxd2 Bxd2 46. Rxf3 Bf4 47.
Nxc7 Rxc7 48. Kb3 h5 49. Rd3 Rh7 50. Rxd6 h4 51. Rd8+ Kg7 52. Rd7+ Kg6 53. Rd1
h3 54. Rh1 Kf6 55. Kb4 h2 56. Kb5 Kg5 57. Rxh2 Kg4 58. Rf2 Kg3 59. Rb2 Rc7 60.
Rb3+ Kg4 61. a4 Rc5+ 62. Kb4 Kg5 63. Ka3 Kf6 64. Rxb6+ Kg5 65. Rb5 Rxc4 66. Kb3
Rxe4 67. Rb4 Re3+ 68. Kc4 Re4+ 69. Kb5 Rxb4+ 70. Kxb4 Be3 71. Kc4 e4 72. Kd5 Kf4
73. Kc4 1-0

[Event "Chess.com SIG Bullet KO"]
[Site "chess.com INT"]
[Date "2021.04.07"]
[Round "2.1"]
[White "Naroditsky, Daniel"]
[Black "Tang, Andrew"]
[Result "1-0"]
[WhiteTitle "GM"]
[BlackTitle "GM"]
[WhiteElo "2621"]
[BlackElo "2538"]
[WhiteFideId "2026961"]
[BlackFideId "2059630"]
[EventDate "2021.04.06"]

1. e4 e5 2. d4 exd4 3. Nf3 Nc6 4. Nxd4 Nf6 5. Nc3 Bb4 6. Nxc6 bxc6 7. Bd3 O-O 8.
O-O d5 9. exd5 cxd5 10. Bg5 c6 11. Qf3 h6 12. Bxf6 Qxf6 13. Qxf6 gxf6 14. Na4
Re8 15. c3 Bd6 16. Rfe1 Be6 17. g3 Rab8 18. b4 Kf8 19. a3 Be5 20. Rac1 Bg4 21.
Nc5 Bd6 22. Nb3 Be5 23. f4 Bc7 24. Nd4 Bb6 25. Kf1 c5 26. bxc5 Bxc5 27. Rxe8+
Kxe8 28. a4 Rb2 29. Rc2 Rb1+ 30. Kg2 Ra1 31. h3 Bc8 32. Nb3 Rg1+ 33. Kh2 Bb6 34.
a5 Rb1 35. Re2+ 1-0

[Event "Chess.com SIG Bullet KO"]
[Site "chess.com INT"]
[Date "2021.04.07"]
[Round "2.2"]
[White "Tang, Andrew"]
[Black "Naroditsky, Daniel"]
[Result "1-0"]
[WhiteTitle "GM"]
[BlackTitle "GM"]
[WhiteElo "2538"]
[BlackElo "2621"]
[WhiteFideId "2059630"]
[BlackFideId "2026961"]
[EventDate "2021.04.06"]

1. d4 d5 2. Nf3 Bf5 3. Bf4 e6 4. e3 Bd6 5. Ne5 Ne7 6. g4 Bg6 7. h4 h5 8. Nxg6
Nxg6 9. Bxd6 cxd6 10. gxh5 Nxh4 11. Qg4 Nf5 12. Bd3 Qf6 13. Bxf5 exf5 14. Qf3
Nc6 15. Nc3 Nb4 16. O-O-O Rc8 17. a3 Rxc3 18. bxc3 Nc6 19. Qxd5 Ke7 20. Qb5 Rb8
21. Rde1 Kd8 22. e4 fxe4 23. Rxe4 Kc7 24. Rhe1 a6 25. Qe2 Kb6 26. d5 Ne5 27. f4
Nd7 28. Rb4+ Ka7 29. Kb2 Nc5 30. Qe7 Qxf4 31. Rxf4 1-0

[Event "Chess.com SIG Bullet KO"]
[Site "chess.com INT"]
[Date "2021.04.07"]
[Round "2.3"]
[White "Naroditsky, Daniel"]
[Black "Tang, Andrew"]
[Result "1-0"]
[WhiteTitle "GM"]
[BlackTitle "GM"]
[WhiteElo "2621"]
[BlackElo "2538"]
[WhiteFideId "2026961"]
[BlackFideId "2059630"]
[EventDate "2021.04.06"]

1. e4 e6 2. d4 d5 3. Nd2 dxe4 4. Nxe4 Nd7 5. Nf3 Ngf6 6. Nxf6+ Nxf6 7. Be3 Be7
8. Bd3 O-O 9. Qe2 Qd5 10. Ne5 b6 11. Bc4 Qd6 12. O-O-O Bb7 13. Bf4 Qb4 14. a3
Qa5 15. Bd2 Qa4 16. Bg5 Rad8 17. Bb5 Ba6 18. Bxa6 Bxa3 19. Qb5 Rxd4 20. Qxa4
Rxa4 21. Bb5 Bxb2+ 22. Kxb2 Rb4+ 23. Kc1 Rxb5 24. Bxf6 gxf6 25. Nd7 Ra8 26.
Nxf6+ Kg7 27. Ne4 a5 28. Rd3 a4 29. Rg3+ Kf8 30. Ra3 Rb4 31. Nc3 b5 32. Kd2 c6
33. Ne2 Rc4 34. Rc3 Rxc3 35. Nxc3 b4 36. Ne4 Ke7 37. Ra1 f5 38. Nc5 a3 39. c3
bxc3+ 40. Kxc3 Ra5 41. Nb3 Ra4 42. Nc5 Ra5 43. Kb4 Rb5+ 44. Kc4 Ra5 45. Nd3 Kd6
46. Kb3 Rb5+ 47. Kc3 e5 48. Rxa3 e4 49. Nb2 Ke5 50. Nc4+ Kf6 51. Ne3 Rc5+ 52.
Nc4 f4 53. Kd4 Rd5+ 54. Kxe4 Rc5 55. Nd2 Kg5 56. Nf3+ Kg4 57. Rd3 Rc4+ 58. Rd4
Rc1 59. Ne5+ Kg5 60. Nd3 Kg4 61. Nxc1 f3 62. gxf3+ Kh3 63. f4 h5 64. Rc4 h4 65.
Rxc6 Kg2 66. Rg6+ Kxh2 67. f5 h3 68. Rh6 Kg2 69. Rxh3 Kxh3 70. f6 Kg2 71. f7 Kf1
72. f8=Q Ke1 73. Qf7 Kd1 74. Nd3 Kc2 75. f4 Kd1 76. f5 Kd2 77. f6 Kd1 78. Ke5
Kc2 79. Ke6 1-0

[Event "Chess.com SIG Bullet KO"]
[Site "chess.com INT"]
[Date "2021.04.07"]
[Round "2.4"]
[White "Tang, Andrew"]
[Black "Naroditsky, Daniel"]
[Result "1-0"]
[WhiteTitle "GM"]
[BlackTitle "GM"]
[WhiteElo "2538"]
[BlackElo "2621"]
[WhiteFideId "2059630"]
[BlackFideId "2026961"]
[EventDate "2021.04.06"]

1. d4 d5 2. c4 Bf5 3. Nc3 e6 4. Nf3 Nc6 5. Bf4 Nf6 6. e3 Bb4 7. Bd3 Ne4 8. Qc2
Nxc3 9. bxc3 Bxd3 10. Qxd3 dxc4 11. Qxc4 Bd6 12. Bg3 O-O 13. Rb1 Rb8 14. O-O
Bxg3 15. hxg3 Qd5 16. Qe2 Na5 17. Rb5 Qc4 18. Qb2 Qa4 19. Rb4 Qc6 20. Ne5 Qd6
21. c4 b6 22. c5 Qd5 23. Rc1 f6 24. Nd3 Nc6 25. Rb3 e5 26. cxb6 cxb6 27. Rbc3
Na5 28. dxe5 fxe5 29. Nb4 Qf7 30. Rc7 Qf6 31. a4 Rbd8 32. Qa2+ Kh8 33. Nd5 Qd6
34. e4 Qh6 35. Qb2 Rde8 36. Qe2 Nb3 37. R1c6 Nd4 38. Qc4 Nxc6 39. Rxc6 Qg5 40.
Qc2 Qg4 41. Ne3 Qd7 42. Nd5 Rc8 43. Rxc8 Qxc8 44. Qd1 Qe8 45. Qa1 Qf7 46. f3 h6
47. Qxe5 Re8 48. Qd4 Qf8 49. Kh2 Qc5 50. Qd2 Qf8 51. Nf4 Rd8 52. Ng6+ Kg8 53.
Qe3 Qf7 54. Nf4 Qe7 55. e5 Qd7 56. e6 Qe8 57. Qe4 Qe7 58. Ng6 Qf6 59. e7 Re8 60.
Qd5+ Qf7 61. Qe4 Qf6 62. g4 Qf7 63. f4 Qf6 64. f5 Qf7 65. Qe5 Qf6 66. Qd5+ Qf7
67. Qe4 Qf6 68. g5 Qf7 69. gxh6 gxh6 70. Qe5 Qg7 71. Qe6+ Qf7 72. Qd7 Qg7 73.
Qxe8+ Kh7 74. Qf8 1-0

[Event "Chess.com SIG Bullet KO"]
[Site "chess.com INT"]
[Date "2021.04.07"]
[Round "2.5"]
[White "Naroditsky, Daniel"]
[Black "Tang, Andrew"]
[Result "0-1"]
[WhiteTitle "GM"]
[BlackTitle "GM"]
[WhiteElo "2621"]
[BlackElo "2538"]
[WhiteFideId "2026961"]
[BlackFideId "2059630"]
[EventDate "2021.04.06"]

1. e4 e5 2. Nf3 Nc6 3. Bb5 g6 4. c3 a6 5. Bxc6 dxc6 6. d4 exd4 7. cxd4 Bg7 8. h3
Ne7 9. Nc3 O-O 10. O-O h6 11. Be3 Kh7 12. Qc2 f5 13. Rad1 fxe4 14. Qxe4 Bf5 15.
Qh4 Nd5 16. Bg5 Qd6 17. Rfe1 Rae8 18. Bd2 Nxc3 19. bxc3 Qd5 20. Qg3 Qd7 21. Bf4
Rc8 22. Ne5 Qd5 23. c4 Qg8 24. d5 g5 25. Bc1 cxd5 26. cxd5 Rcd8 27. Nf3 Rxd5 28.
Rxd5 Qxd5 29. Qxc7 Rf7 30. Qg3 Be4 31. Nh2 Bd4 32. Ng4 Bg7 33. Qe3 Bf5 34. Qg3
Qxa2 35. Be3 Qd5 36. h4 h5 37. Nh2 g4 38. Nf1 Bd7 39. Bf4 Bc6 40. Ne3 Qa5 41.
Rd1 Qb4 42. Bg5 Qe4 43. Nf1 Be5 44. Qd3 Qxd3 45. Rxd3 a5 46. Re3 Bd4 47. Rd3
Bxf2+ 48. Kh2 a4 49. Ng3 Bxg3+ 50. Kxg3 b5 51. Rd6 Be4 52. Rh6+ Kg8 53. Re6 Bf5
54. Re8+ Kh7 55. Re5 Bd3 56. Rd5 Bc4 57. Rd6 a3 58. Rh6+ Kg7 59. Ra6 a2 60. Bd2
Rd7 61. Bc3+ Kf7 62. Bb4 Rd1 63. Kf4 Rd5 64. Rg6 Kxg6 65. Bc3 Rf5+ 66. Ke3 Rf1
67. Kd4 Rb1 68. Kc5 a1=Q 69. Bd4 Qa3+ 70. Kc6 b4 71. Bc5 Qa6+ 72. Bb6 b3 73. Kc7
Rd1 74. g3 Rd7+ 75. Kc6 Qb7+ 76. Kc5 Qd5+ 77. Kb4 Qb5+ 78. Kc3 Rd3+ 79. Kb2 Qe5+
80. Bd4 Qxd4+ 81. Ka3 b2+ 0-1

[Event "Chess.com SIG Bullet KO"]
[Site "chess.com INT"]
[Date "2021.04.07"]
[Round "2.6"]
[White "Tang, Andrew"]
[Black "Naroditsky, Daniel"]
[Result "0-1"]
[WhiteTitle "GM"]
[BlackTitle "GM"]
[WhiteElo "2538"]
[BlackElo "2621"]
[WhiteFideId "2059630"]
[BlackFideId "2026961"]
[EventDate "2021.04.06"]

1. d4 Nf6 2. c4 e6 3. Nc3 Bb4 4. Qc2 d5 5. cxd5 Qxd5 6. Nf3 Qf5 7. Qb3 Nc6 8.
Bd2 O-O 9. h3 a5 10. g4 a4 11. Qc4 Qa5 12. a3 Bxc3 13. Bxc3 Qb6 14. Bg2 Nd5 15.
O-O Nf4 16. Rfd1 Na5 17. Qxa4 Nxe2+ 18. Kh1 Nxc3 19. bxc3 Ra6 20. Rab1 Qd6 21.
Ne5 Nc6 22. Qb5 Ra5 23. Qe2 Nxe5 24. dxe5 Qxe5 25. Qxe5 Rxe5 26. Bxb7 Rc5 27.
Bxc8 Rxc8 28. Rd3 Ra8 29. Rb7 g5 30. Rb3 Ra4 31. Kg2 h6 32. Rd4 Raa5 33. a4 Kf8
34. Ra3 Ke7 35. Kf3 Rc6 36. Ke3 f5 37. f4 fxg4 38. hxg4 Kf6 39. Rb4 gxf4+ 40.
Kxf4 Rac5 41. Rbb3 Ra6 42. Kg3 Raa5 43. Rb4 Kg6 44. Rf4 Rc6 45. c4 Rac5 46. Rc3
Ra5 47. Ra3 Rca6 48. Raf3 e5 49. Rf5 Rxa4 50. Rxe5 Rxc4 51. Kh4 Raa4 52. Rg3 Re4
53. Rc5 Rec4 54. Rd5 Rd4 55. Re5 Rd6 56. Rf5 Rad4 57. Rgf3 R4d5 58. Rf8 Rd1 59.
Rg8+ Kh7 60. Rgf8 Rh1+ 61. Kg3 Rhd1 62. Kh4 R1d5 63. R3f7+ Kg6 64. Rf3 Re5 65.
Rg8+ Kh7 66. Rff8 Re7 67. Rh8+ Kg6 68. Rhg8+ Rg7 69. Rh8 Rd4 70. Rf5 Rd5 71.
Rhf8 Rd6 72. Rf4 Rd5 73. R8f6+ Kh7 74. Rf7 Rxf7 75. Rxf7+ Kg6 76. Rf4 Rd4 77.
Rxd4 Kh7 78. Rc4 Kg8 79. Rc6 Kh8 80. Rxc7 Kg8 81. Rc6 Kh8 0-1